|
|
|
|
| LEADER |
00000cam a2200000 c 4500 |
| 001 |
337843228 |
| 003 |
DE-627 |
| 005 |
20251223200305.0 |
| 007 |
tu |
| 008 |
011205s2002 xxu||||| 00| ||eng c |
| 010 |
|
|
|a 00102526
|
| 016 |
7 |
|
|a 0631223223
|2 UK
|
| 020 |
|
|
|a 0631223223
|9 0-631-22322-3
|
| 020 |
|
|
|a 0631223215
|c : £55.00 (cased)
|9 0-631-22321-5
|
| 024 |
8 |
|
|a 12001-25262
|q Identnummer
|
| 035 |
|
|
|a (DE-627)337843228
|
| 035 |
|
|
|a (DE-576)104416106
|
| 035 |
|
|
|a (DE-599)GBV337843228
|
| 035 |
|
|
|a (OCoLC)248471137
|
| 035 |
|
|
|a (OCoLC)248471137
|
| 040 |
|
|
|a DE-627
|b ger
|c DE-627
|e rakwb
|
| 041 |
|
|
|a eng
|
| 044 |
|
|
|c XD-US
|c XA-GB
|
| 082 |
0 |
|
|a 200.973
|
| 084 |
|
|
|a 7,26
|a 0
|2 ssgn
|
| 084 |
|
|
|a BE 5700
|q OBV
|2 rvk
|0 (DE-625)rvk/10597:
|
| 084 |
|
|
|a BO 1240
|2 rvk
|0 (DE-625)rvk/13931:
|
| 084 |
|
|
|a 15.85
|2 bkl
|
| 084 |
|
|
|a 15.87
|2 bkl
|
| 090 |
|
|
|a a
|
| 245 |
0 |
0 |
|a American religious history
|c ed. by Amanda Porterfield
|
| 264 |
|
1 |
|a Malden, Mass. [u.a.]
|b Blackwell
|c 2002
|
| 300 |
|
|
|a XIV, 338 S
|c 24 cm
|
| 336 |
|
|
|a Text
|b txt
|2 rdacontent
|
| 337 |
|
|
|a ohne Hilfsmittel zu benutzen
|b n
|2 rdamedia
|
| 338 |
|
|
|a Band
|b nc
|2 rdacarrier
|
| 490 |
1 |
|
|a Blackwell readers in American social and cultural history
|v 8
|
| 505 |
8 |
|
|a Literaturangaben
|
| 583 |
1 |
|
|a Archivierung prüfen
|c 20200919
|f DE-640
|z 3
|2 pdager
|
| 601 |
|
|
|a Historie
|
| 651 |
|
4 |
|a United States
|x Religion
|
| 689 |
0 |
0 |
|d g
|0 (DE-588)4078704-7
|0 (DE-627)106076612
|0 (DE-576)209209682
|2 gnd
|a USA
|
| 689 |
0 |
1 |
|d s
|0 (DE-588)4049396-9
|0 (DE-627)106187155
|0 (DE-576)209081880
|2 gnd
|a Religion
|
| 689 |
0 |
2 |
|q z
|2 gnd
|a Geschichte
|
| 689 |
0 |
|
|5 (DE-627)
|
| 700 |
1 |
|
|e Hrsg.
|0 (DE-588)141498471
|0 (DE-627)62943333X
|0 (DE-576)169126072
|4 edt
|a Porterfield, Amanda
|d 1947-
|
| 830 |
|
0 |
|a Blackwell readers in American social and cultural history
|v 8
|9 8
|w (DE-627)37117628X
|w (DE-576)087860066
|w (DE-600)2121748-8
|7 am
|
| 856 |
4 |
2 |
|u http://www.gbv.de/dms/goettingen/337843228.pdf
|m V:DE-601
|m B:DE-7
|q pdf/application
|x Verlag
|y Inhaltsverzeichnis
|3 Inhaltsverzeichnis
|7 1
|
| 935 |
|
|
|a mteo
|
| 935 |
|
|
|i sf
|
| 935 |
|
|
|i Blocktest
|
| 936 |
r |
v |
|a BE 5700
|b Sonstige
|k Theologie und Religionswissenschaften
|k Religionswissenschaft
|k Religionsgeschichte
|k Religionen einzelner Ethnien und ethnischer Gruppen
|k Amerika
|k Sonstige
|0 (DE-627)1273429532
|0 (DE-625)rvk/10597:
|0 (DE-576)203429532
|
| 936 |
r |
v |
|a BO 1240
|b Einzelne Länder
|k Theologie und Religionswissenschaften
|k Patrologie und Kirchengeschichte
|k Hand- und Lehrbücher sowie Gesamtdarstellungen
|k Einzelne Länder
|0 (DE-627)1270658816
|0 (DE-625)rvk/13931:
|0 (DE-576)200658816
|
| 936 |
b |
k |
|a 15.85
|j Amerika: Allgemeines
|x Geschichte
|0 (DE-627)106405152
|
| 936 |
b |
k |
|a 15.87
|j USA
|x Geschichte
|0 (DE-627)181569760
|
| 951 |
|
|
|a BO
|
| ELC |
|
|
|b 1
|
| ITA |
|
|
|a 1
|
| LOK |
|
|
|0 000 xxxxxcx a22 zn 4500
|
| LOK |
|
|
|0 001 3105168974
|
| LOK |
|
|
|0 003 DE-627
|
| LOK |
|
|
|0 004 337843228
|
| LOK |
|
|
|0 005 20240321092212
|
| LOK |
|
|
|0 008 050824||||||||||||||||ger|||||||
|
| LOK |
|
|
|0 040
|a DE-21-106
|c DE-627
|d DE-21-106
|
| LOK |
|
|
|0 541
|e 316/2002
|
| LOK |
|
|
|0 689
|a s
|0 131141021X
|a Religionssoziologie
|
| LOK |
|
|
|0 689
|a s
|0 1311403655
|a Katholizismus
|
| LOK |
|
|
|0 689
|a s
|0 1311405054
|a Protestantismus
|
| LOK |
|
|
|0 689
|a s
|0 1311403280
|a Judentum
|
| LOK |
|
|
|0 852
|a DE-21-106
|
| LOK |
|
|
|0 852 1
|c C IV c Por A
|m p
|9 00
|
| LOK |
|
|
|0 935
|a k106
|
| LOK |
|
|
|0 938
|k p
|
| LOK |
|
|
|0 939
|a 24-08-05
|b l01
|
| LOK |
|
|
|0 000 xxxxxcx a22 zn 4500
|
| LOK |
|
|
|0 001 3105168990
|
| LOK |
|
|
|0 003 DE-627
|
| LOK |
|
|
|0 004 337843228
|
| LOK |
|
|
|0 005 20240321135944
|
| LOK |
|
|
|0 008 050818||||||||||||||||ger|||||||
|
| LOK |
|
|
|0 040
|a DE-21-206
|c DE-627
|d DE-21-206
|
| LOK |
|
|
|0 541
|e 649/04
|
| LOK |
|
|
|0 852
|a DE-21-206
|
| LOK |
|
|
|0 852 1
|c C I 185
|m p
|9 00
|
| LOK |
|
|
|0 935
|a i034
|a k034
|a veex
|a mcup
|
| LOK |
|
|
|0 938
|k p
|
| LOK |
|
|
|0 939
|a 18-08-05
|b l01
|
| ORI |
|
|
|a SA-MARC-ixtheoa001.raw
|
| REF |
|
|
|a Religionsgeschichte
|
| REL |
|
|
|a 1
|
| STA |
0 |
0 |
|a History,History,History in art,Religion,Religion in literature,Religions,Religion,USA,USA,Middle West,USA,USA,USA,USA,USA,America,Confederate States of America,Midwest
|
| STB |
0 |
0 |
|a Histoire,Histoire,Histoire,Religion,Religions,Religion
|
| STC |
0 |
0 |
|a Historia,Historia,Historia,Religión,Religión,Religión
|
| STD |
0 |
0 |
|a Religione,Religione,Religione,Storia,Storia
|
| STE |
0 |
0 |
|a 历史,史,宗教,宗教
|
| STF |
0 |
0 |
|a 宗教,宗教,歷史,史
|
| STG |
0 |
0 |
|a História,História,Religião,Religião
|
| STH |
0 |
0 |
|a История (мотив),История,Религия,Религия (мотив)
|
| STI |
0 |
0 |
|a Θρησκεία,Θρησκεία (μοτίβο),Ιστορία (μοτίβο),Ιστορία
|
| SUB |
|
|
|a REL
|
| SYG |
0 |
0 |
|a United States,United States of America,Vereinigte Staaten,Vereinigte Staaten von Amerika , United States of America,Vereinigte Staaten von Amerika,Amerika <USA>,United States of America,Vereinigte Staaten von Amerika,Amerika <USA>,USA,USA,Nord,Nördliche Vereinigte Staaten,Nordwestamerika,USA,Nordwest,Pazifischer Nordwesten,Mittlerer Westen,USA,Middle West,Mittelwesten,Midwest,USA,Nordost,Nordöstliche Vereinigte Staaten,USA,Südost,Südöstliche Vereinigte Staaten,USA,Ost,Östliche Vereinigte Staaten,Südwestliche USA,USA,Südweststaaten,Südwestliche Vereinigte Staaten,USA,Südwest,USA,West,Westliche Vereinigte Staaten,Nordamerikanische Südstaaten,Konföderierte Staaten von Amerika,Confederate States of America,Südliche Vereinigte Staaten,Südatlantische Staaten,Südöstliche Staaten,United States of America,Vereinigte Staaten von Amerika,Nordamerika,Amerika,United States,United States of America,Etats Unis,Etats-Unis,Vereinigte Staaten,Estados Unidos de America,EEUU,Vereinigte Staaten von Nordamerika,Soedinennye Štaty Ameriki,SŠA,Stany Zjednoczone Ameryki Północnej,Hēnōmenai Politeiai tēs Boreiu Amerikēs,Hēnōmenes Politeies tēs Amerikēs,HēPA,Ēnōmenes Politeies tēs Amerikēs,ĒPA,Meiguo,Etats-Unis d'Amérique,US , Religion,Mystik,Mythologie , History,Geschichtliche Epoche,Historical development,Historische Entwicklung,Landesgeschichte,Regionalgeschichte,Ortsgeschichte,Zeitgeschichte
|